000 00315cam a2200145ua 4500
001 5892
008 120411n II |||gr||||Z||||||hin
040 _aMAIN
041 _aEnglish
082 _a294.592 2 MAH
100 _aMAH , NANABHAI .
245 _aRAMAYAN KE PATRA ( VOL-1)
653 _aRAMAYANA
942 _cBK
999 _c5877
_d5877